| 000 | 00351nam a2200157Ia 4500 | ||
|---|---|---|---|
| 003 | OSt | ||
| 008 | 191201s2007 xx 000 0 und d | ||
| 082 |
_a519.5 _bGOM |
||
| 100 | _aGOEL, Ajay | ||
| 245 | 0 | _aMathematics and Statistics | |
| 250 | _a4th Rep | ||
| 260 |
_aNew Delhi _bTaxmann,s _c2007 |
||
| 300 | _aMISC | ||
| 650 | _aBBA | ||
| 942 |
_2ddc _cBK |
||
| 999 |
_c4460 _d4460 |
||